[Event "Catalunya-ch U12"]
[Site "Sabadell"]
[Date "2010.02.06"]
[Round "4"]
[White "Socias Villanueva, Paula"]
[Black "Gimenez Gabarro, Sergi"]
[Result "0-1"]
[WhiteElo "1700"]
[BlackElo "1700"]
[PlyCount "50"]
[EventDate "2010.01.16"]
[EventType "swiss"]
[EventRounds "6"]
[EventCountry "ESP"]
[SourceTitle "EXT 2024"]
[Source "ChessBase"]
[SourceDate "2023.10.10"]
[SourceVersion "1"]
[SourceVersionDate "2023.10.10"]
[SourceQuality "1"]

1. d3 e5 2. e4 Nc6 3. Nf3 Bc5 4. Be3 Bxe3 5. fxe3 Nf6 6. Nc3 d6 7. Qe2 Be6 8. Nd5 Nxd5 9. exd5 Bxd5 10. 0-0-0 Bxf3 11. gxf3 Qg5 12. h4 Qh6 13. f4 0-0 14. Bg2 exf4 15. exf4 Nd4 16. Qd2 Rfe8 17. Qf2 c5 18. Bxb7 Re2 19. Qf1 Rxc2+ 20. Kb1 Rb8 21. Qh3 g6 22. Bc8 Rbxb2+ 23. Ka1 Rxa2+ 24. Kb1 Rcb2+ 25. Kc1 Ne2# 0-1